| 000 | 00585cab a2200193 4500 | ||
|---|---|---|---|
| 001 | WB2417-38 | ||
| 008 | 090401t1988 xxu||||| |||| 00| 0 eng d | ||
| 035 | _a(Sirsi) u93106 | ||
| 041 | _aeng | ||
| 245 | _aRadon gas homes hazard | ||
| 260 | _c1988 | ||
| 350 | _a0 | ||
| 490 |
_aDaily Telegraph _v27/4/88 p33 |
||
| 520 | _aThe National Radiological Protection Board and the BRE are undertaking research into the effects of radon gas on homes built above porous granite . | ||
| 650 | _aRADIOACTIVITY | ||
| 690 | _aPROPERTY LAW AND PRACTICE | ||
| 942 | _n0 | ||
| 948 | _c04/03/1997 | ||
| 999 |
_c59007 _d59007 |
||